Journal of Philosophy Culture and Religion (Record no. 37395)

MARC details
000 -LEADER
fixed length control field 00394nam a2200145Ia 4500
022 ## - INTERNATIONAL STANDARD SERIAL NUMBER
ISSN 2422-8443
050 ## - CALL MARK
Classification number B5685 .J68/
245 ## - TITLE STATEMENT
Title Journal of Philosophy Culture and Religion
250 ## - EDITION / VOLUME STATEMENT
Edition / Volume statement Vol. 5, No. 9
260 ## - PUBLICATION, DISTRIBUTION, ETC. (IMPRINT)
Name of publisher International Peer-review Journal
Year of publication 2025
300 ## - PHYSICAL DESCRIPTION
Number of Pages iii, 57 p. ill.: 24 cm.
650 ## - SUBJECT ADDED ENTRY--TOPICAL TERM
Topical Term Endocrinology--Congresses.
942 ## - ADDED ENTRY ELEMENTS (KOHA)
Koha item type Serials
Source of classification Library of Congress Classification

No items available.